Beyond PC : (Record no. 6441)

MARC details
000 -LEADER
fixed length control field 01117cam a2200289 a 4500
001 - CONTROL NUMBER
control field 4394136
003 - CONTROL NUMBER IDENTIFIER
control field OSt
005 - DATE AND TIME OF LATEST TRANSACTION
control field 20200121131726.0
008 - FIXED-LENGTH DATA ELEMENTS--GENERAL INFORMATION
fixed length control field 920106s1992 mnu b 000 0 eng
010 ## - LIBRARY OF CONGRESS CONTROL NUMBER
LC control number 92002513
020 ## - INTERNATIONAL STANDARD BOOK NUMBER
International Standard Book Number 1555971644 (pbk. : acidfree paper) :
Terms of availability $10.00
040 ## - CATALOGING SOURCE
Original cataloging agency DLC
Transcribing agency DLC
Modifying agency DLC
043 ## - GEOGRAPHIC AREA CODE
Geographic area code n-us---
050 00 - LIBRARY OF CONGRESS CALL NUMBER
Classification number LC89
Item number .B48 1992
082 00 - DEWEY DECIMAL CLASSIFICATION NUMBER
Classification number 370.1
Edition number 20
Item number BEY 1992
245 00 - TITLE STATEMENT
Title Beyond PC :
Remainder of title toward a politics of understanding /
Statement of responsibility, etc. edited and with an introduction by Patricia Aufderheide.
260 ## - PUBLICATION, DISTRIBUTION, ETC. (IMPRINT)
Place of publication, distribution, etc. Saint Paul, Minn. :
Name of publisher, distributor, etc. Graywolf Press,
Date of publication, distribution, etc. c1992.
300 ## - PHYSICAL DESCRIPTION
Extent vii, 239 p. ;
Dimensions 22 cm.
504 ## - BIBLIOGRAPHY, ETC. NOTE
Bibliography, etc Includes bibliographical references.
650 #0 - SUBJECT ADDED ENTRY--TOPICAL TERM
Topical term or geographic name as entry element Education, Higher
General subdivision Political aspects
Geographic subdivision United States.
9 (RLIN) 13227
650 #0 - SUBJECT ADDED ENTRY--TOPICAL TERM
Topical term or geographic name as entry element Education, Higher
General subdivision Social aspects
Geographic subdivision United States.
9 (RLIN) 13228
650 #0 - SUBJECT ADDED ENTRY--TOPICAL TERM
Topical term or geographic name as entry element Multicultural education
Geographic subdivision United States.
9 (RLIN) 13229
700 1# - ADDED ENTRY--PERSONAL NAME
Personal name Aufderheide, Patricia.
9 (RLIN) 13230
906 ## - LOCAL DATA ELEMENT F, LDF (RLIN)
a 7
b cbc
c orignew
d 1
e ocip
f 19
g y-gencatlg
942 ## - ADDED ENTRY ELEMENTS (KOHA)
Source of classification or shelving scheme Dewey Decimal Classification
Koha item type Open Shelf
Holdings
Withdrawn status Lost status Source of classification or shelving scheme Damaged status Not for loan Home library Current library Date acquired Source of acquisition Inventory number Total Checkouts Full call number Barcode Date last seen Price effective from Koha item type
    Dewey Decimal Classification     MUST Main Library MUST Main Library 21/01/2020 Donation 2000/14247   370.1 BEY 1992 2020-0061 21/01/2020 21/01/2020 Open Shelf
    Dewey Decimal Classification     MUST Main Library MUST Main Library 22/01/2020 Donation 2000/14250   370.1 BEY 1992 2020-0079 22/01/2020 22/01/2020 Open Shelf
    Dewey Decimal Classification     MUST Main Library MUST Main Library 04/02/2020 Purchase 2000/14249   370.1 BEY 1992 2020-0313 04/02/2020 04/02/2020 Open Shelf